[Event "CEDIS Festival saha - 5. turnir"]
[Site "Podgorica"]
[Date "2025.10.19"]
[Round "4.6"]
[White "Vujovic, Viktor"]
[Black "Lakusic, Zoran"]
[Result "0-1"]
[WhiteElo "1735"]
[BlackElo "1694"]
[PlyCount "54"]
[EventDate "2025.10.17"]
[EventType "swiss"]
[EventRounds "5"]
[EventCountry "MNE"]
[SourceVersionDate "2025.10.23"]

1. e4 e6 2. d4 d5 3. Nd2 c5 4. Ngf3 c4 5. c3 Nf6 6. e5 Nfd7 7. b3 b5 8. a4 Ba6 9. axb5 Bxb5 10. bxc4 dxc4 11. Bxc4 Bxc4 12. Nxc4 Qc7 13. Qd3 Nc6 14. Ba3 Bxa3 15. Nxa3 O-O 16. O-O Nb6 17. Nb5 Qe7 18. Nd6 Rfd8 19. Nc4 Nd7 20. Ra6 Nc5 21. Qe2 Nxa6 22. Nd6 Nc7 23. c4 Rxd6 24. exd6 Qxd6 25. Rd1 Rd8 26. Kh1 f6 27. Qe3 a5 0-1

[Event "CEDIS Festival saha - 5. turnir"]
[Site "Podgorica"]
[Date "2025.10.19"]
[Round "4.8"]
[White "Agic, Zejn"]
[Black "Pavlovic, David"]
[Result "0-1"]
[WhiteElo "1484"]
[BlackElo "1702"]
[PlyCount "50"]
[EventDate "2025.10.17"]
[EventType "swiss"]
[EventRounds "5"]
[EventCountry "MNE"]
[SourceVersionDate "2025.10.23"]

1. e4 c6 2. d4 d5 3. Nc3 dxe4 4. Nxe4 Nf6 5. Nxf6+ exf6 6. Nf3 Bd6 7. Be2 O-O 8. O-O Bc7 9. Be3 Bg4 10. h3 Bh5 11. Nd2 Bg6 12. f4 Re8 13. Rf3 f5 14. Rg3 Bxf4 15. Bxf4 Qxd4+ 16. Be3 Rxe3 17. c3 Qf4 18. Nf1 Re8 19. Qb3 Qc7 20. Rd3 Na6 21. Rd2 Nc5 22. Qc4 Ne4 23. Rdd1 Rad8 24. Rd3 Qb6+ 25. Kh1 Nf2+ 0-1

[Event "CEDIS Festival saha - 5. turnir"]
[Site "Podgorica"]
[Date "2025.10.19"]
[Round "5.1"]
[White "Rasovic, Uros"]
[Black "Abramovic, Dragoljub"]
[Result "1-0"]
[WhiteElo "2244"]
[BlackElo "1964"]
[PlyCount "101"]
[EventDate "2025.10.17"]
[EventType "swiss"]
[EventRounds "5"]
[EventCountry "MNE"]
[SourceVersionDate "2025.10.23"]

1. e4 c6 2. Nc3 d5 3. Nf3 dxe4 4. Nxe4 Bf5 5. Ng3 Bg4 6. Bc4 e6 7. h3 Bxf3 8. Qxf3 Nd7 9. d4 Ngf6 10. Bf4 Nb6 11. Bd3 Qxd4 12. O-O-O Nbd5 13. Bg5 h6 14. Bd2 Qb6 15. Rhe1 O-O-O 16. a3 Qc7 17. c4 Nb6 18. Ba5 c5 19. Ne2 Qc6 20. Qg3 Rg8 21. f4 Bd6 22. Qf2 Bc7 23. g4 Rge8 24. Nc3 a6 25. g5 Nh5 26. Be4 Bxf4+ 27. Qxf4 Nxf4 28. Bxc6 bxc6 29. Bxb6 Nd3+ 30. Kb1 Nxe1 31. Bxd8 Rxd8 32. Rxe1 hxg5 33. Ne4 f6 34. Nxc5 e5 35. Kc2 Rd4 36. Kc3 Rh4 37. Re3 a5 38. Nb3 a4 39. Nc5 g4 40. hxg4 Rxg4 41. Nxa4 Kc7 42. b4 g5 43. Nc5 Kd6 44. Rd3+ Ke7 45. b5 cxb5 46. cxb5 f5 47. b6 Rh4 48. b7 Rh8 49. Rd7+ Kf6 50. Rc7 Rb8 51. Nd7+ 1-0

[Event "CEDIS Festival saha - 5. turnir"]
[Site "Podgorica"]
[Date "2025.10.19"]
[Round "5.2"]
[White "Sijaric, Alvir"]
[Black "Vujadinovic, Zeljko"]
[Result "1-0"]
[WhiteElo "1953"]
[BlackElo "1830"]
[PlyCount "161"]
[EventDate "2025.10.17"]
[EventType "swiss"]
[EventRounds "5"]
[EventCountry "MNE"]
[SourceVersionDate "2025.10.23"]

1. d4 d6 2. e4 b6 3. Nf3 e6 4. Bd3 Bb7 5. Qe2 Nf6 6. Nbd2 Be7 7. O-O O-O 8. c3 h6 9. e5 Nfd7 10. Ne4 dxe5 11. dxe5 f5 12. exf6 Nxf6 13. Ng3 Qc8 14. Re1 Bd6 15. Qxe6+ Qxe6 16. Rxe6 Bxf3 17. gxf3 Nbd7 18. Kg2 Nc5 19. Re3 Nxd3 20. Rxd3 Rad8 21. Be3 Nd7 22. Rd4 Ne5 23. f4 Ng4 24. Rad1 Rde8 25. R1d3 Bc5 26. Re4 Bd6 27. h3 Nf6 28. Rxe8 Rxe8 29. Kf3 g6 30. h4 h5 31. f5 Ng4 32. Bf4 Nh2+ 33. Kg2 Bxf4 34. Kxh2 gxf5 35. Rf3 Re4 36. Kg2 Bxg3 37. Kxg3 Rg4+ 38. Kh3 f4 39. Rd3 c6 40. Rd6 Kf7 41. Rxc6 f3 42. Rc7+ Kf6 43. Rxa7 Rg2 44. Ra4 Rxf2 45. Rb4 Kf5 46. Kg3 Rf1 47. Rf4+ Ke5 48. Rxf3 Rg1+ 49. Kh2 Rg6 50. Kh3 Rd6 51. a4 Rd2 52. b3 Ke4 53. Rg3 Kf4 54. c4 Rd6 55. b4 Rd1 56. Rc3 Ra1 57. c5 bxc5 58. bxc5 Rxa4 59. c6 Ra8 60. Rc5 Rc8 61. c7 Ke4 62. Kg3 Rg8+ 63. Kf2 Rc8 64. Kg3 Rg8+ 65. Rg5 Rc8 66. Rg7 Kf5 67. Kf3 Ke5 68. Rh7 Rf8+ 69. Ke3 Kd6 70. Ke4 Kc6 71. Ke5 Kb7 72. Kd6 Kc8 73. Rxh5 Rf6+ 74. Ke5 Rf7 75. Ke6 Rxc7 76. Rh8+ Kb7 77. h5 Rc6+ 78. Kd5 Rf6 79. Ke5 Rf1 80. h6 Rf7 81. Rg8 1-0

[Event "CEDIS Festival saha - 5. turnir"]
[Site "Podgorica"]
[Date "2025.10.19"]
[Round "5.3"]
[White "Djukanovic, Sreten"]
[Black "Sekulic, Nikola"]
[Result "1-0"]
[WhiteElo "2096"]
[BlackElo "1970"]
[PlyCount "39"]
[EventDate "2025.10.17"]
[EventType "swiss"]
[EventRounds "5"]
[EventCountry "MNE"]
[SourceVersionDate "2025.10.23"]

1. d4 d5 2. c4 Nf6 3. cxd5 Nxd5 4. e4 Nb6 5. Nc3 e6 6. Bd3 Nc6 7. Nf3 a6 8. O-O Be7 9. Be3 O-O 10. Rc1 f5 11. exf5 exf5 12. d5 Nb8 13. Na4 Nxa4 14. Qxa4 c6 15. d6 Qxd6 16. Qb3+ Kh8 17. Bc5 Qc7 18. Rfe1 Bxc5 19. Rxc5 Qf4 20. Ne5 1-0

[Event "CEDIS Festival saha - 5. turnir"]
[Site "Podgorica"]
[Date "2025.10.19"]
[Round "5.4"]
[White "Lakusic, Zoran"]
[Black "Koprivica, Andrija"]
[Result "0-1"]
[WhiteElo "1694"]
[BlackElo "1785"]
[PlyCount "54"]
[EventDate "2025.10.17"]
[EventType "swiss"]
[EventRounds "5"]
[EventCountry "MNE"]
[SourceVersionDate "2025.10.23"]

1. Nf3 d5 2. g3 e6 3. Bg2 Nf6 4. O-O Be7 5. d4 b6 6. Re1 O-O 7. Bg5 Nbd7 8. Nbd2 Bb7 9. h4 c5 10. c3 Qc7 11. e4 dxe4 12. Ne5 Nxe5 13. dxe5 Qxe5 14. Nxe4 Bxe4 15. Bxe4 Nxe4 16. Bxe7 Rfe8 17. Bg5 Qf5 18. Bf4 Rad8 19. Qa4 Nf6 20. Re5 Qh3 21. f3 Re7 22. Rae1 Red7 23. R5e2 Nd5 24. Rh2 Qf5 25. Re4 Nxf4 26. gxf4 Rd1+ 27. Kf2 R1d2+ 0-1

[Event "CEDIS Festival saha - 5. turnir"]
[Site "Podgorica"]
[Date "2025.10.19"]
[Round "5.5"]
[White "Svrkota, Milos"]
[Black "Zarudniak, Elisei"]
[Result "1/2-1/2"]
[WhiteElo "1713"]
[BlackElo "1634"]
[PlyCount "63"]
[EventDate "2025.10.17"]
[EventType "swiss"]
[EventRounds "5"]
[EventCountry "MNE"]
[SourceVersionDate "2025.10.23"]

1. e4 c5 2. Nf3 Nc6 3. d4 cxd4 4. Nxd4 Nf6 5. Nc3 g6 6. Nxc6 bxc6 7. e5 Ng8 8. Bc4 Bg7 9. Bf4 f6 10. Qf3 fxe5 11. Bxe5 Nf6 12. O-O d5 13. Bxf6 Bxf6 14. Rad1 Bb7 15. Na4 Qa5 16. Bb3 O-O 17. Qe3 e5 18. Nc5 Ba6 19. Rfe1 Bg7 20. Nd7 Rfe8 21. Qg5 e4 22. Nf6+ Bxf6 23. Qxf6 Bb7 24. Re3 Qc5 25. Rde1 Rf8 26. Qe6+ Kg7 27. Qe5+ Rf6 28. Qc7+ Rf7 29. Qe5+ Rf6 30. Qc7+ Rf7 31. Qe5+ Rf6 32. Qc7+ 1/2-1/2

[Event "CEDIS Festival saha - 5. turnir"]
[Site "Podgorica"]
[Date "2025.10.19"]
[Round "5.6"]
[White "Pavlovic, David"]
[Black "Vukovic, Stefan"]
[Result "1-0"]
[WhiteElo "1702"]
[BlackElo "1498"]
[PlyCount "63"]
[EventDate "2025.10.17"]
[EventType "swiss"]
[EventRounds "5"]
[EventCountry "MNE"]
[SourceVersionDate "2025.10.23"]

1. e4 g6 2. d4 e6 3. Nf3 d5 4. exd5 Qxd5 5. Bd3 Bg7 6. c4 Qd8 7. c5 c6 8. Be3 Ne7 9. Nc3 Nd5 10. Nxd5 exd5 11. Qc2 Bg4 12. Nd2 Nd7 13. h3 Be6 14. Nf3 b6 15. cxb6 Qxb6 16. Rc1 Rc8 17. b3 Nb8 18. O-O O-O 19. Qd2 a6 20. Bb1 Nd7 21. Nh2 f5 22. f4 Nf6 23. Qf2 Ne4 24. Bxe4 fxe4 25. Rc5 Bd7 26. Rfc1 Rc7 27. Nf1 Rfc8 28. Nd2 Rb7 29. Nb1 Qc7 30. R5c2 Rb6 31. Nc3 a5 32. Nxd5 1-0

[Event "CEDIS Festival saha - 5. turnir"]
[Site "Podgorica"]
[Date "2025.10.19"]
[Round "5.7"]
[White "Petric, Relja"]
[Black "Markovic, Janko"]
[Result "1-0"]
[WhiteElo "1542"]
[BlackElo "1502"]
[PlyCount "75"]
[EventDate "2025.10.17"]
[EventType "swiss"]
[EventRounds "5"]
[EventCountry "MNE"]
[SourceVersionDate "2025.10.23"]

1. d4 e6 2. Nf3 d5 3. e3 c5 4. b3 Nc6 5. Bb2 Bd6 6. a3 Bd7 7. Bd3 Nf6 8. Nbd2 O-O 9. O-O Re8 10. Ne5 Re7 11. f4 cxd4 12. exd4 Bxe5 13. fxe5 Ne8 14. Rf3 f6 15. Bxh7+ Kf8 16. Bg6 Rf7 17. a4 a5 18. Rh3 Ke7 19. Bxf7 Kxf7 20. Qh5+ Ke7 21. Ba3+ Nb4 22. c3 Qb6 23. cxb4 axb4 24. Bb2 Rc8 25. Qg6 Rc6 26. exf6+ gxf6 27. Rh7+ Kd8 28. Rh8 f5 29. Nf3 Rc2 30. Bc1 Rc3 31. Qf6+ Kc8 32. Qe7 Rxf3 33. Rxe8+ Bxe8 34. Qxe8+ Kc7 35. gxf3 Qxd4+ 36. Kg2 Qxa1 37. Bf4+ Kb6 38. Qb5+ 1-0